TV Shows on a First-Name Basis Quiz Stats

 Plays Quiz Updated Jul 22, 2015

Challenge
Share
Tweet
Embed
Score 0/25 Timer 05:00
0 Plays Today
% Correct
Jerry
92.5%
Stephen
83.2%
Fred
75.3%
Hank
72.9%
Maxwell
72.4%
Gregory
70.5%
Hercule
70.1%
Fred
69.2%
Meredith
68.8%
Jim
66.7%
Gabe
64.6%
Michael
64.5%
Jane
61.7%
% Correct
Thomas
56.9%
Ben
55.9%
Basil
55.8%
Bret
52.1%
Theo
51.7%
Adrian
51.5%
Richard
45.7%
Connie
44%
Michaela
41.1%
Zoe
41%
Thomas
40.7%
Angus
29.8%

You're not logged in!

Compare scores with friends on all Sporcle quizzes.
Join for Free
OR
Log In

You Might Also Like...

Show Comments

Extras

Top Quizzes Today


Score Distribution

Your Account Isn't Verified!

In order to create a playlist on Sporcle, you need to verify the email address you used during registration. Go to your Sporcle Settings to finish the process.

Report this User

Report this user for behavior that violates our Community Guidelines.

Details: